00623nam a2200193Ia 4500001002900000003000900029008004100038040002300079041001300102100002400115245004600139250001500185260003000200300001900230490001800249500002900267501012400296520000900420282.082 092-DER gi ca (5717)IT-MiSPE171229s9999||||xx |||||||||||||| ||und|| aIT-MiSPEcIT-MiSPE aITALIANO aGiuseppino De Roma  0aUn canto al buiobBenedetta Bianchi Porro a1a ed. (v) aMilanobEd. Paolinec1985 a101 p. c18 cm aAmici mieiv4 aBianchi Porro, Benedetta aEdizioni San Paolo srl - Piazza Soncino, 5 - 20092 CINISELLO BALSAMO (MI) (non commercial uses only) ® Copyright 2018 aIll.